000
00278nam a22001097a 4500
082
_a
808.1 MUH'D
100
_a
MUHAMMAD IQBAL DR
_9
46061
245
_a
THE DEVILS CONFERENCE A HIGLY THOUGHT STIMULATING POEM
260
_a
GUJRAT
_b
URDU HOUSE
_c
1962
300
_a
159P
942
_c
BK
999
_c
580325
_d
580325